000 00662nam a2200217Ia 4500
999 _c41101
_d41101
001 7751
003 GE_BSU
005 20220923153044.0
008 181216s2007en xx |||||||||||||| ||eng||
020 _a9780471752165
040 _cGE_BSU
041 _aeng
080 _a720.1 C-52
100 _aChing, Francis D.K.
_914751
245 _aArchitecture,form,Space & Order /
_cFrancis D.K. Ching
264 _aNew Jersey :
_bJohn Wiley,
_c2007.
300 _a431 p.;
_bCD-Rom
_c28cm.
653 _aArchitecture,form,Space & Order
653 _aარქიტექტურა, ფორმა, სივრცე და წესრიგი
942 _cBK
_2udc